[Event "Titled Tuesday intern op 04th Mar Early"]
[Site "Chess.com INT"]
[Date "2025.03.04"]
[Round "6"]
[White "Avramidou, Anastasia"]
[Black "Garcia Molina, Jose"]
[Result "0-1"]
[WhiteElo "2275"]
[BlackElo "2200"]
[PlyCount "88"]
[EventDate "2025.03.04"]
[EventType "swiss (blitz)"]
[EventRounds "11"]
[EventCountry "USA"]
[SourceTitle "CB11_2025"]
[SourceDate "2025.03.12"]
[SourceVersion "1"]
[SourceVersionDate "2025.03.12"]
[SourceQuality "1"]

1. Nf3 g6 2. c4 Bg7 3. Nc3 c5 4. h4 h6 5. d3 Nc6 6. g3 d6 7. Bg2 Nf6 8. Be3 0-0 9. h5 Ng4 10. Bd2 g5 11. Qc1 e5 12. Nh2 Nxh2 13. Rxh2 Be6 14. Kf1 Rb8 15. Kg1 f5 16. Rb1 a6 17. a3 Nd4 18. Qd1 Qd7 19. b4 b5 20. e3 Nc6 21. cxb5 axb5 22. bxc5 dxc5 23. Rxb5 Rxb5 24. Nxb5 Rb8 25. a4 c4 26. dxc4 e4 27. Qc1 Rd8 28. f3 Qxd2 29. Qxd2 Rxd2 30. fxe4 Bxc4 31. exf5 Ne5 32. Be4 Rd1+ 33. Kg2 Bf1+ 34. Kf2 Ng4+ 35. Kf3 Nxh2+ 36. Kf2 Ng4+ 37. Kf3 Ne5+ 38. Kf2 Bd3 39. Bb7 Rd2+ 40. Ke1 Re2+ 41. Kd1 Rb2 42. Nd6 Bf8 43. Bd5+ Kh8 44. Ne8 Bb4 0-1

[Event "Titled Tuesday intern op 04th Mar Early"]
[Site "Chess.com INT"]
[Date "2025.03.04"]
[Round "5"]
[White "Garcia Molina, Jose"]
[Black "Hernandez Bermudez, Ulises Eduardo"]
[Result "1-0"]
[WhiteElo "2200"]
[BlackElo "2042"]
[PlyCount "117"]
[EventDate "2025.03.04"]
[EventType "swiss (blitz)"]
[EventRounds "11"]
[EventCountry "USA"]
[SourceTitle "CB11_2025"]
[SourceDate "2025.03.12"]
[SourceVersion "1"]
[SourceVersionDate "2025.03.12"]
[SourceQuality "1"]

1. Nc3 Nf6 2. e4 e5 3. Bc4 Bc5 4. d3 0-0 5. Nge2 c6 6. 0-0 d5 7. Bb3 Be6 8. exd5 cxd5 9. d4 exd4 10. Nxd4 Bxd4 11. Qxd4 Nc6 12. Qh4 Nd7 13. Bg5 f6 14. Bd2 Nc5 15. Rad1 Nxb3 16. axb3 Qe7 17. Rfe1 Qf7 18. Nb5 Rad8 19. Bc3 Rfe8 20. h3 a6 21. Nd4 Nxd4 22. Bxd4 Bf5 23. c3 Bc2 24. Rc1 Bxb3 25. Qg3 Bc4 26. h4 Re4 27. Rxe4 dxe4 28. h5 Re8 29. h6 g6 30. Qf4 f5 31. Ra1 Qe7 32. Ra5 Bb5 33. b3 Bd7 34. Re5 Qf7 35. Rxe8+ Qxe8 36. Qd6 Qe6 37. Qb8+ Bc8 38. Qc7 Qd7 39. Qe5 Kf8 40. Qh8+ Ke7 41. Qxh7+ Kd8 42. Qxg6 e3 43. Qg8+ Kc7 44. Qg3+ Kc6 45. Qxe3 Qh7 46. Qf3+ Kc7 47. Qf4+ Kc6 48. Qg5 Be6 49. Qf6 Kd7 50. b4 b5 51. Be5 f4 52. Qxf4 Ke7 53. Qf6+ Kd7 54. Kh2 Bd5 55. Qd6+ Ke8 56. Bf4 Be6 57. Qxe6+ Kf8 58. Qf6+ Ke8 59. Qg7 1-0

[Event "EU-Cup 39th"]
[Site "Vrnjacka Banja"]
[Date "2024.10.24"]
[Round "5.6"]
[White "Garcia Molina, Jose"]
[Black "Duncan, Christopher R"]
[Result "1/2-1/2"]
[WhiteElo "2231"]
[BlackElo "2165"]
[PlyCount "98"]
[EventDate "2024.10.20"]
[EventType "team-swiss"]
[EventRounds "7"]
[EventCountry "SRB"]
[SourceTitle "CB44_2024"]
[Source "Chessbase"]
[SourceDate "2024.10.30"]
[SourceVersion "1"]
[SourceVersionDate "2024.10.30"]
[SourceQuality "1"]
[WhiteTeam "Silla Valencia"]
[BlackTeam "Blackthorne"]
[WhiteTeamCountry "ESP"]
[BlackTeamCountry "ENG"]

1. d4 d5 2. c4 e6 3. Nf3 a6 4. cxd5 exd5 5. Nc3 c6 6. Bg5 Be7 7. Bf4 Bd6 8. Ne5 Nf6 9. e3 Qe7 10. Be2 Nbd7 11. Nd3 0-0 12. 0-0 Re8 13. Re1 Ne4 14. Nxe4 dxe4 15. Bxd6 Qxd6 16. Nf4 Nf6 17. Rc1 Be6 18. Bc4 Bxc4 19. Rxc4 Nd5 20. Nxd5 Qxd5 21. Qb3 Rad8 22. Rec1 Re7 23. Qb6 g6 24. Rc5 Qd6 25. a4 Kg7 26. Qb3 h5 27. Qc4 Qe6 28. Qc2 Rd5 29. Rxd5 Qxd5 30. b4 Re6 31. Qb2 Kh7 32. Rc5 Qd8 33. Qc3 Qd6 34. b5 axb5 35. axb5 Qd7 36. h3 Qd6 37. bxc6 bxc6 38. Qc2 Kg7 39. Qb2 Kh7 40. Qb7 Rf6 41. Qa8 Qd7 42. Qb8 Rf5 43. Rxf5 Qxf5 44. Qe8 Qd5 45. Qe7 Kg7 46. Kh2 Qf5 47. Kg1 Qd5 48. Kh2 Qf5 49. Kg1 Qd5 1/2-1/2

[Event "ESP-chT Rapid"]
[Site "Ubeda"]
[Date "2024.08.25"]
[Round "6.3"]
[White "Garcia Molina, Jose"]
[Black "Suleymanli, Aydin Elshan"]
[Result "0-1"]
[WhiteElo "2206"]
[BlackElo "2620"]
[PlyCount "58"]
[EventDate "2024.08.25"]
[EventType "team-swiss (rapid)"]
[EventRounds "7"]
[EventCountry "ESP"]
[SourceTitle "CBM 221 Extra"]
[Source "ChessBase"]
[SourceDate "2024.09.30"]
[SourceVersion "1"]
[SourceVersionDate "2024.09.30"]
[SourceQuality "1"]
[WhiteTeam "Silla Integrant"]
[BlackTeam "Jaime Casas"]
[WhiteTeamCountry "ESP"]
[BlackTeamCountry "ESP"]

1. d4 Nf6 2. c4 e6 3. Nc3 Bb4 4. Qc2 d5 5. cxd5 exd5 6. Bg5 h6 7. Bxf6 Qxf6 8. a3 Bxc3+ 9. Qxc3 0-0 10. e3 Bf5 11. Nf3 Rc8 12. Rc1 Nd7 13. Bb5 c6 14. Be2 c5 15. 0-0 c4 16. a4 Qc6 17. Qa3 a6 18. a5 b5 19. axb6 Qxb6 20. Nd2 Rab8 21. b3 c3 22. Nf3 a5 23. h3 Qb4 24. Qa2 Qxb3 25. Qxa5 Qb2 26. Ba6 Ra8 27. Qxd5 Be6 28. Qb5 Nf6 29. Bxc8 Qxb5 0-1

[Event "ESP-chT CECLUB Div2"]
[Site "Linares"]
[Date "2024.08.13"]
[Round "3.9"]
[White "Garcia Molina, Jose"]
[Black "Diaz Mino, Daniel"]
[Result "1-0"]
[WhiteElo "2206"]
[BlackElo "2119"]
[PlyCount "97"]
[EventDate "2024.08.11"]
[EventType "team-swiss"]
[EventRounds "7"]
[EventCountry "ESP"]
[SourceTitle "CBM 221 Extra"]
[Source "ChessBase"]
[SourceDate "2024.09.30"]
[SourceVersion "1"]
[SourceVersionDate "2024.09.30"]
[SourceQuality "1"]
[WhiteTeam "Silla Integrant II"]
[BlackTeam "Pai Elecam"]
[WhiteTeamCountry "ESP"]
[BlackTeamCountry "ESP"]

1. Nf3 Nf6 2. b3 d5 3. Bb2 c5 4. e3 e6 5. c4 Nc6 6. cxd5 exd5 7. Bb5 Be7 8. h3 0-0 9. 0-0 Bf5 10. d4 Rc8 11. Nc3 cxd4 12. Nxd4 Bg6 13. Rc1 Nxd4 14. Qxd4 Bc5 15. Qd1 a6 16. Bd3 Ne4 17. Ne2 Re8 18. Bd4 Bxd4 19. Rxc8 Qxc8 20. Bxe4 Bxe4 21. Nxd4 Qc3 22. Qg4 h6 23. Rd1 Rd8 24. Qh4 Rd6 25. Qh5 Rg6 26. g3 Qb2 27. Qe2 Qxe2 28. Nxe2 Bf3 29. Re1 Bxe2 30. Rxe2 Rc6 31. Rd2 Rc5 32. Kf1 Kf8 33. Ke2 Ke7 34. Kd1 Kd6 35. Rd4 Ke5 36. Kd2 Rc6 37. Rb4 b5 38. a4 Rc5 39. Rf4 f6 40. h4 g5 41. Rb4 Kf5 42. Kd3 bxa4 43. bxa4 Ke5 44. h5 a5 45. Rb8 Rc4 46. Re8+ Kf5 47. f3 g4 48. e4+ Kg5 49. Rg8+ 1-0

[Event "Titled Tuesday intern op 30th Jul Early"]
[Site "Chess.com INT"]
[Date "2024.07.30"]
[Round "2"]
[White "Garcia Molina, Jose"]
[Black "Ishvi, Aggarwal"]
[Result "1/2-1/2"]
[WhiteElo "2229"]
[BlackElo "1958"]
[PlyCount "123"]
[EventDate "2024.07.30"]
[EventType "swiss (blitz)"]
[EventRounds "11"]
[EventCountry "USA"]
[SourceTitle "EXT 2025"]
[Source "ChessBase"]
[SourceDate "2024.10.14"]
[SourceVersion "1"]
[SourceVersionDate "2024.10.14"]
[SourceQuality "1"]

1. Nf3 Nf6 2. b3 d5 3. Bb2 e6 4. e3 Be7 5. d3 0-0 6. Nbd2 c5 7. g3 a5 8. a4 b6 9. Bg2 Bb7 10. 0-0 Nc6 11. Ne5 Nxe5 12. Bxe5 Nd7 13. Bb2 Bf6 14. Qc1 Rc8 15. e4 Bxb2 16. Qxb2 dxe4 17. Bxe4 Bxe4 18. Nxe4 Nf6 19. Nxf6+ Qxf6 20. Qxf6 gxf6 21. Rfe1 f5 22. Re3 Rfd8 23. Rae1 Rb8 24. Re5 Rd4 25. f3 Kg7 26. Kf2 Rbd8 27. h3 R8d5 28. R5e3 f4 29. Re4 fxg3+ 30. Kxg3 Rxe4 31. fxe4 Rg5+ 32. Kf4 Rg2 33. Rc1 f6 34. Kf3 Rh2 35. Kg3 Rd2 36. Kf4 e5+ 37. Kf3 Kg6 38. Rg1+ Kh6 39. Rg2 Rxg2 40. Kxg2 Kh5 41. Kg3 Kg5 42. h4+ Kh5 43. Kh3 Kg6 44. Kg4 h5+ 45. Kg3 Kh6 46. Kf3 Kg6 47. Ke3 Kf7 48. c3 Ke6 49. Kf2 Ke7 50. Kg3 Kd6 51. Kf3 Ke6 52. Ke3 Kd6 53. Ke2 Ke6 54. Ke3 Kd6 55. Ke2 Ke6 56. Kf2 Kd6 57. Kg3 Ke6 58. Kg2 Kd6 59. Kg3 Ke6 60. Kg2 Kd6 61. Kf2 Ke6 62. Ke3 1/2-1/2

[Event "Titled Tuesday intern op 30th Jul Early"]
[Site "Chess.com INT"]
[Date "2024.07.30"]
[Round "7"]
[White "Hambleton, Aman"]
[Black "Garcia Molina, Jose"]
[Result "1-0"]
[WhiteElo "2420"]
[BlackElo "2229"]
[PlyCount "229"]
[EventDate "2024.07.30"]
[EventType "swiss (blitz)"]
[EventRounds "11"]
[EventCountry "USA"]
[SourceTitle "EXT 2025"]
[Source "ChessBase"]
[SourceDate "2024.10.14"]
[SourceVersion "1"]
[SourceVersionDate "2024.10.14"]
[SourceQuality "1"]

1. d4 c6 2. Bf4 Nf6 3. e3 g6 4. Nf3 Bg7 5. h3 0-0 6. Be2 d6 7. c4 Nbd7 8. Bh2 Re8 9. 0-0 Qc7 10. Nc3 e5 11. a4 e4 12. Nd2 Nf8 13. c5 Rd8 14. Nc4 Be6 15. Nxd6 Qd7 16. Ndxe4 Nd5 17. Ng5 h6 18. Nxe6 Nxe6 19. Qb3 Nxc3 20. bxc3 f5 21. Bc4 Re8 22. Rab1 f4 23. Bxf4 Kh7 24. Bxe6 Rxe6 25. Qxb7 Qe8 26. Bd6 Rd8 27. Qxa7 Re4 28. Rb7 Qg8 29. Be5 Rxe5 30. dxe5 Re8 31. Re7 Rd8 32. Qc7 Rc8 33. Rxg7+ Qxg7 34. Qxc8 Qxe5 35. Qd7+ Kg8 36. Qd4 Qe6 37. Rd1 Qc8 38. Qd8+ Qxd8 39. Rxd8+ Kf7 40. Rd6 Ke7 41. Kh2 Kf7 42. Kg3 Ke7 43. Kf4 Kf7 44. Ke5 Ke7 45. Rxg6 Kf7 46. Rxh6 Ke7 47. Rxc6 Kd7 48. Rd6+ Kc7 49. h4 Kb7 50. h5 Kc7 51. h6 Kb7 52. h7 Kc7 53. h8R Kb7 54. Rh1 Kc7 55. g4 Kb7 56. g5 Kc7 57. f3 Kb7 58. f4 Kc7 59. f5 Kb7 60. g6 Kc7 61. f6 Kb7 62. g7 Kc7 63. f7 Kb7 64. g8B Kc7 65. f8B Kb7 66. e4 Kc7 67. c4 Kb7 68. Bh6 Kc7 69. Bc1 Kb7 70. Bh7 Kc7 71. Bf5 Kb7 72. Bh3 Kc7 73. Bf1 Kb7 74. Kd4 Ka7 75. Kc3 Kb7 76. Kb4 Kc7 77. e5 Kb7 78. e6 Kc7 79. e7 Kb7 80. e8Q Kc7 81. Qe1 Kb7 82. Qd1 Kc7 83. Kc3 Kb7 84. a5 Kc7 85. Kd2 Kb7 86. Rb6+ Kc7 87. a6 Kc8 88. a7 Kc7 89. Rb1 Kc8 90. Qb3 Kc7 91. Qb7+ Kd8 92. c6 Ke8 93. Qc7 Kf8 94. Qd7 Kg8 95. c7 Kf8 96. c8N Kg8 97. a8N Kf8 98. Nab6 Kg8 99. Na4 Kf8 100. Nc3 Kg8 101. Ra1 Kf8 102. Nb6 Kg8 103. Nba4 Kf8 104. Nb1 Kg8 105. Nac3 Kf8 106. Ne2 Kg8 107. c5 Kf8 108. c6 Kg8 109. c7 Kf8 110. Ng1 Kg8 111. Ke1 Kf8 112. Qf7+ Kxf7 113. c8Q Ke7 114. Qc2 Ke6 115. Qd1 1-0

[Event "Titled Tuesday intern op 14th May Early"]
[Site "Chess.com INT"]
[Date "2024.05.14"]
[Round "8"]
[White "Garcia Molina, Jose"]
[Black "Wu, Derek"]
[Result "1-0"]
[WhiteElo "2231"]
[BlackElo "2295"]
[PlyCount "155"]
[EventDate "2024.05.14"]
[EventType "swiss (blitz)"]
[EventRounds "11"]
[EventCountry "USA"]
[SourceTitle "EXT 2025"]
[Source "ChessBase"]
[SourceDate "2024.10.14"]
[SourceVersion "1"]
[SourceVersionDate "2024.10.14"]
[SourceQuality "1"]

1. Nf3 c5 2. b3 d5 3. Bb2 Nc6 4. e3 Nf6 5. d4 cxd4 6. exd4 Bg4 7. Be2 e6 8. h3 Bh5 9. 0-0 Bd6 10. Nbd2 0-0 11. Re1 Rc8 12. a3 Ne7 13. c4 b6 14. Rc1 Bg6 15. Bf1 Nf5 16. Ne5 Qe7 17. b4 dxc4 18. Ndxc4 Bb8 19. Be2 Rfd8 20. Bf3 Nd5 21. Bxd5 Rxd5 22. Nxb6 axb6 23. Rxc8+ Rd8 24. Nc6 Rxc8 25. Nxe7+ Nxe7 26. g3 Nd5 27. Qf3 h5 28. Rc1 Rd8 29. Rc6 h4 30. Bc1 hxg3 31. fxg3 Nf6 32. Rc3 Nd5 33. Rb3 Rc8 34. Bd2 b5 35. Qf1 Rc2 36. Be1 Ba7 37. Bf2 Nc7 38. Rf3 Be4 39. Rf4 Bc6 40. h4 Nd5 41. Rg4 Nf6 42. Rf4 Nd5 43. Rg4 Nc3 44. Kh2 Ne4 45. Rf4 Bxd4 46. Qd3 Bxf2 47. Qxc2 Bxg3+ 48. Kh3 Bxf4 49. Qxc6 Nd6 50. a4 bxa4 51. b5 a3 52. b6 a2 53. Qa8+ Kh7 54. Qxa2 f5 55. Qc2 Ne4 56. b7 Kg6 57. Qc8 Kf6 58. Qd8+ Kf7 59. b8Q Bxb8 60. Qxb8 Kf6 61. Qd8+ Kf7 62. Kg2 Nf6 63. Qd4 Ng4 64. Qf4 Kf6 65. Qg5+ Kf7 66. h5 Nf6 67. Qg6+ Kf8 68. Kf1 Ng8 69. Qxe6 Nh6 70. Qg6 Ke7 71. Qxg7+ Nf7 72. h6 Ke6 73. h7 f4 74. Qxf7+ Kxf7 75. h8Q Ke6 76. Qd4 Kf5 77. Kf2 Kg4 78. Kg2 1-0

[Event "Titled Tuesday intern op 14th May Early"]
[Site "Chess.com INT"]
[Date "2024.05.14"]
[Round "10"]
[White "Ivic, Velimir"]
[Black "Garcia Molina, Jose"]
[Result "0-1"]
[WhiteElo "2596"]
[BlackElo "2231"]
[PlyCount "68"]
[EventDate "2024.05.14"]
[EventType "swiss (blitz)"]
[EventRounds "11"]
[EventCountry "USA"]
[SourceTitle "EXT 2025"]
[Source "ChessBase"]
[SourceDate "2024.10.14"]
[SourceVersion "1"]
[SourceVersionDate "2024.10.14"]
[SourceQuality "1"]

1. Nf3 Nf6 2. g3 g6 3. Bg2 Bg7 4. 0-0 0-0 5. Re1 d5 6. d3 Nbd7 7. Nbd2 e5 8. e4 dxe4 9. dxe4 Re8 10. Qe2 c6 11. Nc4 Qc7 12. Rd1 Bf8 13. a4 b5 14. Ncd2 a6 15. Nf1 Bb7 16. Ne1 Nc5 17. axb5 cxb5 18. f3 Ne6 19. c3 Bc5+ 20. Kh1 Rad8 21. Nd3 Bb6 22. Bf4 exf4 23. g4 Nc5 24. Nb4 a5 25. Nc2 Nb3 26. Rab1 Ba6 27. g5 Nh5 28. Nd2 Nxd2 29. Rxd2 Rxd2 30. Qxd2 Rd8 31. Qe2 Qd6 32. Nd4 Bxd4 33. Rd1 Qc5 34. cxd4 Rxd4 0-1

[Event "Titled Tuesday intern op 14th May Early"]
[Site "Chess.com INT"]
[Date "2024.05.14"]
[Round "6"]
[White "Kaminski, Victor Kazimierz"]
[Black "Garcia Molina, Jose"]
[Result "0-1"]
[WhiteElo "2247"]
[BlackElo "2231"]
[PlyCount "76"]
[EventDate "2024.05.14"]
[EventType "swiss (blitz)"]
[EventRounds "11"]
[EventCountry "USA"]
[SourceTitle "EXT 2025"]
[Source "ChessBase"]
[SourceDate "2024.10.14"]
[SourceVersion "1"]
[SourceVersionDate "2024.10.14"]
[SourceQuality "1"]

1. d4 d5 2. Bf4 Nf6 3. Nf3 e6 4. e3 Nc6 5. c3 Ne7 6. h3 Ng6 7. Bh2 Bd6 8. Ne5 0-0 9. Nd2 c5 10. Bd3 Qb6 11. Rb1 Qc7 12. f4 Nd7 13. 0-0 f5 14. Qh5 Nf6 15. Qg5 Ne7 16. Ndf3 Ne4 17. Qh4 Bd7 18. Bxe4 fxe4 19. Nd2 b5 20. g4 a5 21. a3 Rab8 22. b4 axb4 23. axb4 cxb4 24. cxb4 Qd8 25. Rfc1 Rc8 26. Nb3 Bxb4 27. Nc5 Bxc5 28. dxc5 Bc6 29. Nxc6 Nxc6 30. Qxd8 Rfxd8 31. Rxb5 d4 32. exd4 Nxd4 33. Rb2 Rb8 34. Rxb8 Rxb8 35. f5 Nf3+ 36. Kh1 Rb2 37. Bf4 e5 38. c6 exf4 0-1

[Event "Titled Tuesday intern op 09th Apr Early"]
[Site "Chess.com INT"]
[Date "2024.04.09"]
[Round "4"]
[White "Borgaonkar, Akshay"]
[Black "Garcia Molina, Jose"]
[Result "0-1"]
[WhiteElo "2372"]
[BlackElo "2220"]
[PlyCount "152"]
[EventDate "2024.04.09"]
[EventType "swiss (blitz)"]
[EventRounds "11"]
[EventCountry "USA"]
[SourceTitle "EXT 2025"]
[Source "ChessBase"]
[SourceDate "2024.10.14"]
[SourceVersion "1"]
[SourceVersionDate "2024.10.14"]
[SourceQuality "1"]

1. Nf3 g6 2. g3 Bg7 3. Bg2 e5 4. 0-0 d5 5. d3 Ne7 6. Nbd2 0-0 7. e4 c6 8. c3 Na6 9. Qc2 Nc5 10. Rd1 Qc7 11. Nb3 Ne6 12. h3 a5 13. Be3 b6 14. d4 dxe4 15. Qxe4 f5 16. Qc2 f4 17. gxf4 exf4 18. Bd2 Nf5 19. Re1 Bd7 20. Ne5 Nh4 21. Nxd7 Qxd7 22. Qe4 Ng5 23. Qxc6 Nxh3+ 24. Kh2 Qg4 25. Re7 Nxf2 26. Rf1 Qg3+ 27. Kg1 f3 28. Rxf2 Qxf2+ 29. Kxf2 fxg2+ 30. Ke2 g1Q 31. Kd3 Qf1+ 32. Kc2 Qf5+ 33. Kc1 Nf3 34. Qxb6 Nxd2 35. Nxd2 Bf6 36. Rb7 Rae8 37. b3 Re1+ 38. Kb2 a4 39. Qc7 Rh1 40. bxa4 Bg5 41. Nb3 Qb1+ 42. Ka3 Qf5 43. a5 Qf7 44. Qxf7+ Rxf7 45. Rb8+ Kg7 46. a6 Bf4 47. Rb5 Rh2 48. Nc5 Bd6 49. Kb3 h5 50. a4 h4 51. a5 Rh1 52. Ne6+ Kf6 53. Nd8 Rd7 54. Nc6 h3 55. a7 Rxa7 56. Nxa7 h2 57. Rb6 Rb1+ 58. Kc4 Rxb6 59. axb6 h1Q 60. Nb5 Qc6+ 61. Kd3 Qxb5+ 62. c4 Qxb6 63. Ke4 Qc6+ 64. Kd3 Bf4 65. Kc3 Be5 66. dxe5+ Kxe5 67. Kd3 Qc5 68. Kc3 Ke4 69. Kb3 Kd4 70. Ka4 Qxc4+ 71. Ka5 Qb3 72. Ka6 Qb4 73. Ka7 Qb5 74. Ka8 Kd5 75. Ka7 Kd6 76. Ka8 Kc7 0-1

[Event "Titled Tuesday intern op 09th Apr Early"]
[Site "Chess.com INT"]
[Date "2024.04.09"]
[Round "8"]
[White "Garcia Molina, Jose"]
[Black "Barria Zuniga, Daniel"]
[Result "0-1"]
[WhiteElo "2220"]
[BlackElo "2341"]
[PlyCount "144"]
[EventDate "2024.04.09"]
[EventType "swiss (blitz)"]
[EventRounds "11"]
[EventCountry "USA"]
[SourceTitle "EXT 2025"]
[Source "ChessBase"]
[SourceDate "2024.10.14"]
[SourceVersion "1"]
[SourceVersionDate "2024.10.14"]
[SourceQuality "1"]

1. Nf3 g6 2. g3 Bg7 3. d4 c5 4. Bg2 cxd4 5. Nxd4 Nc6 6. Nb3 a5 7. 0-0 a4 8. N3d2 a3 9. c3 axb2 10. Bxb2 Nf6 11. c4 0-0 12. Nc3 d6 13. Rb1 Bf5 14. e4 Be6 15. Nd5 Rxa2 16. Qb3 Ra7 17. Rfe1 Nd7 18. Bxg7 Kxg7 19. h4 Qa5 20. Qb2+ f6 21. h5 Rfa8 22. f4 Qc5+ 23. Kh1 Ra2 24. Qc1 Qf2 25. Rf1 Qxd2 26. Qxd2 Rxd2 27. Nc7 Bxc4 28. Nxa8 Bxf1 29. Bxf1 Nc5 30. hxg6 hxg6 31. Bg2 Nd4 32. Nc7 e5 33. Nd5 Rd3 34. Kh2 Rd2 35. Kh1 Ne2 36. Kh2 f5 37. exf5 gxf5 38. Kh3 e4 39. Rb6 Rxd5 40. Bf1 Nc3 41. Bc4 Rd4 42. Rb4 d5 43. Rb3 Rxc4 44. Rb6 d4 45. Kh4 d3 46. Kg5 d2 47. Rg6+ Kf7 48. Rf6+ Ke7 49. Kg6 d1Q 50. Rf7+ Kd8 51. g4 Qxg4+ 52. Kf6 Qh4+ 53. Ke5 Qe7+ 54. Rxe7 Kxe7 55. Kxf5 Kd6 56. Kg4 Kd5 57. f5 Kd4 58. f6 Nd7 59. f7 Rc8 60. Kf5 Rf8 61. Ke6 Rxf7 62. Kxf7 Nc5 63. Ke7 Kd5 64. Kf6 b5 65. Kf5 e3 66. Kf4 e2 67. Kf5 e1Q 68. Kf6 Qe6+ 69. Kg7 Qf5 70. Kg8 Qd7 71. Kh8 Ke5 72. Kg8 Kf6 0-1

[Event "Titled Tuesday intern op 09th Apr Early"]
[Site "Chess.com INT"]
[Date "2024.04.09"]
[Round "10"]
[White "Goltseva, Ekaterina"]
[Black "Garcia Molina, Jose"]
[Result "1-0"]
[WhiteElo "2304"]
[BlackElo "2220"]
[PlyCount "81"]
[EventDate "2024.04.09"]
[EventType "swiss (blitz)"]
[EventRounds "11"]
[EventCountry "USA"]
[SourceTitle "EXT 2025"]
[Source "ChessBase"]
[SourceDate "2024.10.14"]
[SourceVersion "1"]
[SourceVersionDate "2024.10.14"]
[SourceQuality "1"]

1. c4 c6 2. d4 d5 3. cxd5 cxd5 4. Bf4 Nc6 5. e3 Bf5 6. Nc3 a6 7. Be2 Nf6 8. Nf3 e6 9. Qb3 Qd7 10. Na4 Bb4+ 11. Kf1 Rd8 12. Ne5 Qe7 13. Nxc6 bxc6 14. f3 0-0 15. Rc1 Nh5 16. Bg3 Nxg3+ 17. hxg3 Rb8 18. Qd1 Qg5 19. Kf2 Bd6 20. g4 Bg6 21. Rxc6 Qe7 22. f4 Be4 23. Qc1 g5 24. g3 Bxh1 25. Qxh1 Qd7 26. Bd3 f5 27. Rxa6 gxf4 28. gxf4 Ra8 29. Rxa8 Rxa8 30. Nb6 Qb7 31. Nxa8 Qxa8 32. gxf5 exf5 33. Bxf5 Qb7 34. Be6+ Kf8 35. Qxd5 Qxb2+ 36. Kg3 Qa3 37. Qf5+ Kg7 38. Qg5+ Kf8 39. Qf6+ Ke8 40. Qf7+ Kd8 41. Qd7# 1-0

[Event "Titled Tuesday intern op 09th Apr Early"]
[Site "Chess.com INT"]
[Date "2024.04.09"]
[Round "2"]
[White "Reyes Zavaleta, Fabian Ricardo"]
[Black "Garcia Molina, Jose"]
[Result "0-1"]
[WhiteElo "2092"]
[BlackElo "2220"]
[PlyCount "68"]
[EventDate "2024.04.09"]
[EventType "swiss (blitz)"]
[EventRounds "11"]
[EventCountry "USA"]
[SourceTitle "EXT 2025"]
[Source "ChessBase"]
[SourceDate "2024.10.14"]
[SourceVersion "1"]
[SourceVersionDate "2024.10.14"]
[SourceQuality "1"]

1. d4 d5 2. c4 c6 3. cxd5 cxd5 4. Bf4 Nc6 5. Nc3 Nf6 6. e3 a6 7. Nf3 Bf5 8. Ne5 Rc8 9. Qb3 Na5 10. Qa4+ Nc6 11. Be2 e6 12. 0-0 Be7 13. Nxc6 Rxc6 14. Bxa6 0-0 15. Bb5 Rc8 16. Rac1 Nh5 17. Be5 f6 18. Bg3 Nxg3 19. hxg3 h5 20. Rfe1 Bd6 21. e4 dxe4 22. Nxe4 Rxc1 23. Nxf6+ Qxf6 24. Rxc1 Be4 25. Rf1 h4 26. Qb3 hxg3 27. fxg3 Qxd4+ 28. Kh2 Bd5 29. Rxf8+ Kxf8 30. Qc2 Qh4+ 31. Kg1 Qd4+ 32. Kh2 Bc5 33. Qc1 Qe3 34. Qd1 Qh6+ 0-1

[Event "Titled Tuesday intern op 26th Mar Early"]
[Site "Chess.com INT"]
[Date "2024.03.26"]
[Round "5"]
[White "Cacco, Christian"]
[Black "Garcia Molina, Jose"]
[Result "1-0"]
[WhiteElo "2319"]
[BlackElo "2212"]
[PlyCount "95"]
[EventDate "2024.03.26"]
[EventType "swiss (blitz)"]
[EventRounds "11"]
[EventCountry "USA"]
[SourceTitle "EXT 2025"]
[Source "ChessBase"]
[SourceDate "2024.10.14"]
[SourceVersion "1"]
[SourceVersionDate "2024.10.14"]
[SourceQuality "1"]

1. d4 g6 2. Nf3 Bg7 3. g3 Nf6 4. Bg2 0-0 5. 0-0 d6 6. Nbd2 c5 7. c3 Nbd7 8. e4 Qc7 9. Re1 e5 10. dxe5 dxe5 11. a4 Rd8 12. Qc2 c4 13. Bf1 b5 14. axb5 Nb6 15. b3 Be6 16. bxc4 Nxc4 17. Nxc4 Bxc4 18. Bxc4 Qxc4 19. Qe2 Qxe2 20. Rxe2 Rd1+ 21. Kg2 Nd7 22. Bb2 Rxa1 23. Bxa1 Nc5 24. c4 Rd8 25. Bxe5 Bf8 26. Bd4 Rc8 27. e5 Ne6 28. Bxa7 Rxc4 29. Be3 Rb4 30. b6 Nc5 31. Rc2 Na4 32. Rc6 Kg7 33. h4 Rb2 34. Bd4 Rb3 35. e6+ f6 36. Rc7+ Kg8 37. e7 Bxe7 38. Rxe7 Nxb6 39. Bxf6 Nd5 40. Re6 Kf7 41. Ng5+ Kf8 42. Bd4 h6 43. Ne4 Kf7 44. Rd6 Ne7 45. Rf6+ Ke8 46. Bc5 Nd5 47. Rxg6 Rb2 48. Rxh6 1-0

[Event "Titled Tuesday intern op 26th Mar Early"]
[Site "Chess.com INT"]
[Date "2024.03.26"]
[Round "8"]
[White "Cacheiro Blanco, Diego"]
[Black "Garcia Molina, Jose"]
[Result "0-1"]
[WhiteElo "2333"]
[BlackElo "2212"]
[PlyCount "80"]
[EventDate "2024.03.26"]
[EventType "swiss (blitz)"]
[EventRounds "11"]
[EventCountry "USA"]
[SourceTitle "EXT 2025"]
[Source "ChessBase"]
[SourceDate "2024.10.14"]
[SourceVersion "1"]
[SourceVersionDate "2024.10.14"]
[SourceQuality "1"]

1. e4 g6 2. d4 Bg7 3. Nc3 c6 4. Nf3 d5 5. e5 Nh6 6. Ne2 0-0 7. Ng3 Nf5 8. Nxf5 Bxf5 9. h4 f6 10. exf6 Bxf6 11. h5 Qd6 12. hxg6 Bxg6 13. Be2 Nd7 14. Bh6 Rf7 15. Qd2 e5 16. dxe5 Nxe5 17. 0-0-0 Nxf3 18. Bxf3 Qe5 19. Qb4 a5 20. Qa3 b5 21. Rhe1 b4 22. Qb3 Qf5 23. Rd2 Bh8 24. Rde2 Bg7 25. Re8+ Rxe8 26. Rxe8+ Rf8 27. Rxf8+ Kxf8 28. Bxg7+ Kxg7 29. a3 a4 30. Qxa4 bxa3 31. bxa3 Qf6 32. Qa7+ Kg8 33. Qb8+ Kg7 34. Qb2 d4 35. Qb7+ Kh6 36. Qxc6 Qg5+ 37. Kb2 Qa5 38. Qd6 Qc3+ 39. Kb1 Qxc2+ 40. Ka1 Qb1# 0-1

[Event "Titled Tuesday intern op 26th Mar Early"]
[Site "Chess.com INT"]
[Date "2024.03.26"]
[Round "7"]
[White "Dovzik, Juri"]
[Black "Garcia Molina, Jose"]
[Result "0-1"]
[WhiteElo "2225"]
[BlackElo "2212"]
[PlyCount "82"]
[EventDate "2024.03.26"]
[EventType "swiss (blitz)"]
[EventRounds "11"]
[EventCountry "USA"]
[SourceTitle "EXT 2025"]
[Source "ChessBase"]
[SourceDate "2024.10.14"]
[SourceVersion "1"]
[SourceVersionDate "2024.10.14"]
[SourceQuality "1"]

1. b3 d5 2. Bb2 c5 3. e3 Nc6 4. Bb5 Qc7 5. f4 a6 6. Bxc6+ Qxc6 7. Nf3 Bg4 8. h3 Bxf3 9. Qxf3 Nf6 10. 0-0 Qd7 11. d3 e6 12. Nd2 Be7 13. f5 0-0 14. e4 dxe4 15. Nxe4 Nxe4 16. Qxe4 Qd5 17. fxe6 fxe6 18. Qg4 e5 19. Rae1 Bf6 20. Qe4 Rad8 21. Qxd5+ Rxd5 22. Re4 Re8 23. Rf5 Kf7 24. g4 g6 25. Rf3 Ke6 26. Kg2 b5 27. a4 b4 28. Rc4 Rf8 29. Re4 Kd6 30. h4 Be7 31. Rxf8 Bxf8 32. g5 Be7 33. Kf3 Ke6 34. Kg4 Bd8 35. Re1 Bc7 36. Rf1 e4 37. dxe4 Rd2 38. Rf6+ Ke7 39. Rc6 Bb8 40. Rxc5 Rg2+ 41. Kf3 Rg3+ 0-1